| 000 | nam a22 a 4500 | ||
|---|---|---|---|
| 999 |
_c2925 _d2925 |
||
| 005 | 20170518160930.0 | ||
| 008 | 170518s1983 my ||||| |||| 00| 0 eng d | ||
| 020 | _a9676100048 | ||
| 040 | _aAKMAL | ||
| 082 | _a658 AHM | ||
| 090 |
_a658 _bAHM |
||
| 100 | 0 |
_aAhmad Atory Hussain. _96129 |
|
| 245 | 1 | 0 |
_aPengantar pentadbiran awam _cAhmad Atory Hussain. |
| 260 |
_aJalan Chan Sow Lin, Kuala Lumpur _bUtusan Printcorp Sdn. Bhd _c1983 |
||
| 300 |
_a198p _c22cm |
||
| 520 | _aCivil service and public administration in Malaysia. | ||
| 546 | _aIn Malay. | ||
| 942 |
_2ddc _cBOOK |
||